000 002520000a22001210004500
041 0 _aEspaƱol
082 0 4 _aCD 108-4
110 1 _aEditorial Planeta de agostini
245 1 0 _aCuentilandia
505 0 0 _aCuentoa infantiles
001 1955
942 _cLGB
999 _c49106
_d49106